|
|
|
|
| LEADER |
00930nab#a2200325#ar4500 |
| 001 |
000072271 |
| 003 |
SVKKK |
| 005 |
20020607xxxxxxx. |
| 008 |
06 c xo huno |
| FMT |
|
|
|
| 038 |
|
|
|a SVKKK
|
| 040 |
|
|
|a SVKKK
|b slo
|e AACR2
|
| 041 |
0 |
|
|a hun
|
| 044 |
|
|
|a xo
|c SK
|
| 080 |
|
|
|a 894.511(437.6)-9
|
| 100 |
1 |
|
|a Medvey, Ľudovít [?]
|4 aut
|
| 242 |
1 |
0 |
|a Z denníka starého mládenca
|
| 245 |
1 |
0 |
|a Egy aglegény naplójából
|c Ľudovít [?] Medvey
|
| 500 |
|
|
|a Lajos
|
| 500 |
|
|
|a mikrofilm
|
| 520 |
2 |
|
|a Fejtón. [Pravdepodobne z pera regionálneho autora- ostáva na prebádanie, v encyklopedických dielach sa neuvádza.]
|
| 650 |
0 |
4 |
|a fejtóny - literatúra maďarská - texty
|
| 773 |
0 |
|
|t Homonna és Vidéke : Hetilap
|g Roč. 14, č. 4 (23.01.1914) s. 1 a 2
|
| 957 |
|
|
|a Humenné [?]
|
| 958 |
|
|
|a DG
|
| 958 |
|
|
|a SK
|
| 974 |
|
|
|a Ba
|d 20020607
|
| 992 |
|
|
|a RBX
|
| BAS |
|
|
|
| 998 |
|
|
|a RETRO
|